Names of Storms Quiz Stats

 Plays Quiz not verified by Sporcle

Also try: Oh, the Irony
Challenge
Share
Tweet
Embed
Score 0/8 Timer 07:00
0 Plays Today
What to Look for Storm % Correct
Winds 75+mphHurricane
100%
Can't see over 1/4 mileBlizzard
88.9%
Contains ThunderstormsTornado
88.9%
Tusnami if in water; aftershock if on landEarthquake
88.9%
Snow moving down hill faster than 80mphAvalanche
77.8%
Can reach 2,000 degrees Fahrenheit, or moreVolcano
66.7%
Waves Over 600 Feet TallTusnami
22.2%
Moves at speeds of up to 14mphWildfire
11.1%

You're not logged in!

Compare scores with friends on all Sporcle quizzes.
Join for Free
OR
Log In

You Might Also Like...

Show Comments

Extras

Created Jan 21, 2012ReportNominate
Tags:storm

Top Quizzes Today


Score Distribution

Your Account Isn't Verified!

In order to create a playlist on Sporcle, you need to verify the email address you used during registration. Go to your Sporcle Settings to finish the process.

Report this User

Report this user for behavior that violates our Community Guidelines.

Details: